[Event "SVK-chT2A 2223"]
[Site "Slovakia"]
[Date "2023.02.11"]
[Round "8.1"]
[White "Sahidi, Samir"]
[Black "Sukuba, Zdeno"]
[Result "1-0"]
[WhiteElo "2504"]
[BlackElo "2101"]
[PlyCount "75"]
[EventDate "2022.10.08"]
[EventType "team-tourn"]
[EventRounds "11"]
[EventCountry "SVK"]
[SourceTitle "EXT 2024"]
[Source "ChessBase"]
[SourceDate "2023.10.10"]
[SourceVersion "1"]
[SourceVersionDate "2023.10.10"]
[SourceQuality "1"]
[WhiteTeam "Cifer"]
[BlackTeam "Krasnany"]
[WhiteTeamCountry "SVK"]
[BlackTeamCountry "SVK"]

1. e4 c6 2. d4 d5 3. e5 Bf5 4. h4 Na6 5. c3 e6 6. Nd2 h6 7. h5 Nc7 8. Nb3 b6 9. Be3 f6 10. Nf3 Qd7 11. Nh4 Ne7 12. f4 0-0-0 13. Nxf5 Nxf5 14. Bf2 Qf7 15. Bd3 Ne7 16. g3 f5 17. Qe2 g6 18. hxg6 Nxg6 19. Qh5 Rd7 20. 0-0-0 Ne8 21. c4 Ng7 22. Qf3 h5 23. Kb1 Be7 24. Rc1 Kb7 25. cxd5 exd5 26. a4 Rc7 27. a5 h4 28. Be3 Nh5 29. gxh4 Nxh4 30. Qf2 Rg8 31. Rxh4 Bxh4 32. Qxh4 Ng3 33. a6+ Kb8 34. Bd2 Rg4 35. Qd8+ Rc8 36. Qd6+ Qc7 37. Bb4 Ne4 38. Qe6 1-0

[Event "SVK-chT2A 2223"]
[Site "Slovakia"]
[Date "2022.10.09"]
[Round "2.1"]
[White "Pozsar, Peter"]
[Black "Sukuba, Zdeno"]
[Result "1/2-1/2"]
[WhiteElo "1804"]
[BlackElo "2101"]
[PlyCount "32"]
[EventDate "2022.10.08"]
[EventType "team-tourn"]
[EventRounds "11"]
[EventCountry "SVK"]
[SourceTitle "CBM 210 Extra"]
[Source "ChessBase"]
[SourceDate "2022.11.30"]
[SourceVersion "1"]
[SourceVersionDate "2022.11.30"]
[SourceQuality "1"]
[WhiteTeam "Senec"]
[BlackTeam "Krasnany"]
[WhiteTeamCountry "SVK"]
[BlackTeamCountry "SVK"]

1. Nf3 d5 2. d3 g6 3. g3 Bg7 4. Bg2 Nf6 5. 0-0 0-0 6. Nbd2 c5 7. c3 Nc6 8. d4 cxd4 9. cxd4 Qb6 10. e3 Bf5 11. Qb3 Qxb3 12. Nxb3 Bd3 13. Rd1 Bc2 14. Rd2 Bxb3 15. axb3 Nb4 16. Rd1 e6 1/2-1/2

[Event "SVK-chT1W 2122"]
[Site "Slovakia"]
[Date "2021.11.06"]
[Round "1.4"]
[White "Sukuba, Zdeno"]
[Black "Vrbova, Niki"]
[Result "1/2-1/2"]
[WhiteElo "2113"]
[BlackElo "2117"]
[PlyCount "21"]
[EventDate "2021.11.06"]
[EventType "team-tourn"]
[EventRounds "11"]
[EventCountry "SVK"]
[SourceTitle "EXT 2023"]
[Source "ChessBase"]
[SourceDate "2022.10.05"]
[SourceVersion "1"]
[SourceVersionDate "2022.10.05"]
[SourceQuality "1"]
[WhiteTeam "Dubnica nad Vahom II"]
[BlackTeam "Bratislava Doprastav"]
[WhiteTeamCountry "SVK"]
[BlackTeamCountry "SVK"]

1. c4 Nf6 2. Nc3 g6 3. g3 Bg7 4. Bg2 c5 5. d3 0-0 6. Nf3 d6 7. 0-0 e5 8. Rb1 Nbd7 9. a3 Ne8 10. b4 h6 11. Nd2 1/2-1/2

[Event "SVK-chT1W 1819"]
[Site "Slovakia"]
[Date "2018.10.28"]
[Round "2.5"]
[White "Dujava, Daniel1111"]
[Black "Sukuba, Zdeno"]
[Result "0-1"]
[WhiteElo "2102"]
[BlackElo "2175"]
[PlyCount "88"]
[EventDate "2018.10.27"]
[EventType "team-tourn"]
[EventRounds "11"]
[EventCountry "SVK"]
[SourceTitle "CBM 187 Extra"]
[Source "ChessBase"]
[SourceDate "2018.11.04"]
[SourceVersion "1"]
[SourceVersionDate "2018.11.04"]
[SourceQuality "1"]
[WhiteTeam "Bratislava Lokomotiva"]
[BlackTeam "Dubnica nad Vahom II"]
[WhiteTeamCountry "SVK"]
[BlackTeamCountry "SVK"]

1. e4 c6 2. d4 d5 3. Nc3 dxe4 4. Nxe4 Bf5 5. Ng3 Bg6 6. h4 h6 7. Nf3 Nd7 8. h5 Bh7 9. Bd3 Bxd3 10. Qxd3 e6 11. Bd2 Ngf6 12. 0-0-0 Be7 13. Kb1 0-0 14. Ne4 Nxe4 15. Qxe4 Nf6 16. Qe2 Qd5 17. Be3 Ng4 18. Ne5 Nxe3 19. Qxe3 Rad8 20. g4 c5 21. f4 cxd4 22. Qg3 Bf6 23. Rhe1 Qd6 24. g5 hxg5 25. fxg5 Bxe5 26. Rxe5 f6 27. gxf6 Rxf6 28. Rg1 Rd7 29. Qe1 d3 30. cxd3 Qxd3+ 31. Ka1 Rdf7 32. Qc1 Rf1 33. Re1 Rxg1 34. Rxg1 Kh7 35. a3 e5 36. Rd1 Qf3 37. Rd8 e4 38. Qc8 Kh6 39. Rd6+ Kxh5 40. Rd5+ g5 41. Qc5 Qf4 42. Re5 Rd7 43. Rd5 Qf1+ 44. Ka2 Qf7 0-1

[Event "SVK-chT2A 1718"]
[Site "Slovakia"]
[Date "2018.02.25"]
[Round "9.1"]
[White "Sukuba, Zdeno"]
[Black "Schwarz, Dusan"]
[Result "1-0"]
[WhiteElo "2172"]
[BlackElo "2295"]
[PlyCount "125"]
[EventDate "2017.10.28"]
[EventType "team-tourn"]
[EventRounds "11"]
[EventCountry "SVK"]
[SourceTitle "EXT 2020"]
[Source "ChessBase"]
[SourceDate "2019.10.17"]
[SourceVersion "1"]
[SourceVersionDate "2019.10.17"]
[SourceQuality "1"]
[WhiteTeam "Krasnany"]
[BlackTeam "Bratislava Doprastav"]
[WhiteTeamCountry "SVK"]
[BlackTeamCountry "SVK"]

1. c4 e5 2. Nc3 Nf6 3. Nf3 Nc6 4. g3 Bb4 5. Bg2 0-0 6. 0-0 Re8 7. Nd5 Bc5 8. d3 Nxd5 9. cxd5 Nd4 10. e3 Nxf3+ 11. Bxf3 d6 12. a3 Bh3 13. Bg2 Bxg2 14. Kxg2 Qd7 15. b4 Bb6 16. Bb2 a5 17. Bc3 axb4 18. Bxb4 Ra4 19. Qb3 Qb5 20. Rab1 Rea8 21. Bxd6 Qxb3 22. Rxb3 Rd8 23. Bxe5 Rxd5 24. Bb2 Raa5 25. Rc1 Rab5 26. Rxb5 Rxb5 27. Rc2 Rb3 28. d4 f6 29. Kf1 c6 30. Bc1 Kf7 31. Rb2 Rxb2 32. Bxb2 Ke6 33. Ke2 c5 34. Kd3 cxd4 35. Bxd4 Bc7 36. a4 g6 37. e4 f5 38. f3 h5 39. Bf2 fxe4+ 40. Kxe4 h4 41. f4 hxg3 42. hxg3 Kd6 43. g4 Kc6 44. Bd4 Bd8 45. f5 gxf5+ 46. Kxf5 Kd7 47. Bf6 Ba5 48. g5 Bd2 49. g6 Bh6 50. Bc3 Ke7 51. Bb4+ Ke8 52. Ke6 Bg7 53. Be7 Bh6 54. Bg5 Bf8 55. Bf4 Bg7 56. Kd6 Bd4 57. Kc7 b6 58. Bd6 Be3 59. Kc6 Bf2 60. Bc7 Kf8 61. Bxb6 Be1 62. Bd4 Kg8 63. Bf6 1-0

[Event "SVK-chT2A 1718"]
[Site "Slovakia"]
[Date "2017.11.25"]
[Round "3.1"]
[White "Sukuba, Zdeno"]
[Black "Gasa, Patrik"]
[Result "1-0"]
[WhiteElo "2155"]
[BlackElo "2103"]
[PlyCount "65"]
[EventDate "2017.10.28"]
[EventType "team-tourn"]
[EventRounds "11"]
[EventCountry "SVK"]
[SourceTitle "EXT 2019"]
[Source "ChessBase"]
[SourceDate "2018.10.10"]
[SourceVersion "1"]
[SourceVersionDate "2018.10.10"]
[SourceQuality "1"]
[WhiteTeam "Krasnany"]
[BlackTeam "Piestany Loewe"]
[WhiteTeamCountry "SVK"]
[BlackTeamCountry "SVK"]

1. c4 e5 2. Nc3 Nc6 3. g3 f5 4. Bg2 Nf6 5. d3 Bb4 6. Bd2 0-0 7. Nf3 d6 8. 0-0 h6 9. a3 Bxc3 10. Bxc3 Qe8 11. e3 g5 12. b4 Qg6 13. b5 Ne7 14. c5 Be6 15. cxd6 cxd6 16. Bb4 Rad8 17. Nxe5 dxe5 18. Bxe7 e4 19. Bxf8 Kxf8 20. Qc1 Rxd3 21. Qc5+ Kg7 22. Qxa7 Rd7 23. Rfd1 Rf7 24. Rd6 Bd7 25. a4 f4 26. Qd4 Bf5 27. Rc1 Qh5 28. Rc7 Qg6 29. b6 h5 30. a5 h4 31. Rxf7+ Qxf7 32. Qxf6+ Qxf6 33. Rxf6 1-0

[Event "SVK-chT1W 1718"]
[Site "Slovakia"]
[Date "2017.11.04"]
[Round "3.4"]
[White "Sukuba, Zdeno"]
[Black "Sahidi, Samir"]
[Result "0-1"]
[WhiteElo "2184"]
[BlackElo "2247"]
[PlyCount "116"]
[EventDate "2017.10.21"]
[EventType "team-tourn"]
[EventRounds "11"]
[EventCountry "SVK"]
[SourceTitle "CBM 181 Extra"]
[Source "ChessBase"]
[SourceDate "2017.12.12"]
[SourceVersion "1"]
[SourceVersionDate "2017.12.12"]
[SourceQuality "1"]
[WhiteTeam "Dubnica nad Vahom II"]
[BlackTeam "Bratislava KSN"]
[WhiteTeamCountry "SVK"]
[BlackTeamCountry "SVK"]

1. c4 c5 2. Nf3 Nc6 3. d4 cxd4 4. Nxd4 g6 5. e4 Bg7 6. Be3 Nf6 7. Nc3 Ng4 8. Qxg4 Nxd4 9. Qd1 Ne6 10. Qd2 0-0 11. Be2 d6 12. 0-0-0 Qa5 13. Kb1 Bxc3 14. bxc3 Nc5 15. f3 Na4 16. Rc1 Be6 17. h4 f6 18. f4 Kf7 19. h5 Ke8 20. hxg6 hxg6 21. Rh7 Kd7 22. e5 fxe5 23. fxe5 Qxe5 24. Bd4 Qe4+ 25. Bd3 Qxd3+ 26. Qxd3 Bf5 27. Qxf5+ gxf5 28. Re1 Rae8 29. Kc2 b6 30. Re2 Nc5 31. Bxc5 bxc5 32. Kd3 Rf6 33. Rb2 a6 34. Rb7+ Ke6 35. Rg7 Rf7 36. Rg6+ Ke5 37. Ra7 Rb8 38. Rxa6 e6 39. Rg3 Rd7 40. Rg6 Rb2 41. Ra8 d5 42. Ra5 Rd6 43. a4 Ra2 44. Rxc5 Rxa4 45. cxd5 Rxd5+ 46. Rxd5+ Kxd5 47. c4+ Ke5 48. Kc3 f4 49. Rg5+ Ke4 50. c5 e5 51. Kb3 Ra1 52. Kb4 Rb1+ 53. Kc3 Rc1+ 54. Kd2 Rxc5 55. g3 Rd5+ 56. Ke1 f3 57. g4 Ke3 58. Rf5 Ra5 0-1

[Event "SVK-chT2A 1617"]
[Site "Slovakia"]
[Date "2016.12.04"]
[Round "6.3"]
[White "Sulek, Viliam"]
[Black "Sukuba, Zdeno"]
[Result "1/2-1/2"]
[WhiteElo "2062"]
[BlackElo "2143"]
[PlyCount "23"]
[EventDate "2016.10.08"]
[EventType "team-tourn"]
[EventRounds "11"]
[EventCountry "SVK"]
[SourceTitle "EXT 2018"]
[Source "ChessBase"]
[SourceDate "2017.10.13"]
[SourceVersion "1"]
[SourceVersionDate "2017.10.13"]
[SourceQuality "1"]
[WhiteTeam "Bratislava Slovan V"]
[BlackTeam "Krasnany"]
[WhiteTeamCountry "SVK"]
[BlackTeamCountry "SVK"]

1. e4 c6 2. d4 d5 3. exd5 cxd5 4. Bd3 Nc6 5. c3 Qc7 6. h3 e5 7. dxe5 Nxe5 8. Qe2 Be7 9. Bb5+ Nc6 10. Nf3 Nf6 11. 0-0 0-0 12. Bg5 1/2-1/2